Využitie zmiešanej reality na ovládanie a monitorovanie mechatronických zariadení
Gespeichert in:
| 1. Verfasser: | |
|---|---|
| Weitere Verfasser: | |
| Format: | Manuskript Buch |
| Sprache: | Slowakisch |
| Veröffentlicht: |
2019
|
| Schlagworte: | |
| Online-Zugang: | http://is.stuba.sk/zp/portal_zp.pl?podrobnosti=137537 |
| Tags: |
Keine Tags, Fügen Sie das erste Tag hinzu!
|
MARC
| LEADER | 00000ntm a22000003a 4500 | ||
|---|---|---|---|
| 001 | stuzp71757 | ||
| 003 | SK-STU | ||
| 005 | 20190823092937.0 | ||
| 007 | ta | ||
| 008 | 150427s2015----xo-----f-mn---000-0-slo-d | ||
| 040 | |a STU |b slo | ||
| 041 | 0 | |a slo | |
| 044 | |a xo | ||
| 100 | 1 | |a Slezák, Michal |u 035000 |k Z4 |4 aut |U FEI Fakulta elektrotechniky a informatiky |T FEI Ústav informatiky a matematiky |X 72918 |U E050 |Y 816 |7 72918 | |
| 242 | 0 | 1 | |a Using of mixed reality for control and monitoring of mechatronic devices |y eng |
| 245 | 1 | 0 | |a Využitie zmiešanej reality na ovládanie a monitorovanie mechatronických zariadení |
| 260 | |c 2019 | ||
| 300 | |a 58 s., |b DVD | ||
| 650 | 4 | |a Node-RED |2 slo | |
| 650 | 4 | |a Zmiešaná realita |2 slo | |
| 650 | 4 | |a Internet vecí |2 slo | |
| 650 | 4 | |a Unity |2 slo | |
| 650 | 4 | |a Raspberry Pi |2 slo | |
| 650 | 4 | |a Node-RED |2 eng | |
| 650 | 4 | |a Raspberry Pi |2 eng | |
| 650 | 4 | |a Mixed reality |2 eng | |
| 650 | 4 | |a Internet of Things |2 eng | |
| 650 | 4 | |a Unity |2 eng | |
| 700 | 1 | |a Haffner, Oto |u 030400 |k Z2 |4 ths |U FEI Fakulta elektrotechniky a informatiky |T FEI Ústav automobilovej mechatroniky |X 56107 |U E400 |Y 642 |7 A000056107 | |
| 856 | 4 | |u http://is.stuba.sk/zp/portal_zp.pl?podrobnosti=137537 | |
| 996 | |b 284EP12311 |c E*DIPL- 12311 |l EE35 |s P |a 0 |w stuzp71757_0001 | ||